<?xml version="1.0" encoding="UTF-8"?>
<record
    xmlns:xsi="http://www.w3.org/2001/XMLSchema-instance"
    xsi:schemaLocation="http://www.loc.gov/MARC21/slim http://www.loc.gov/standards/marcxml/schema/MARC21slim.xsd"
    xmlns="http://www.loc.gov/MARC21/slim">

  <leader>02304nam a2200289 a 4500</leader>
  <controlfield tag="003">UAch</controlfield>
  <controlfield tag="005">20250820140254.0</controlfield>
  <controlfield tag="008">250805s2016    nyuadk||r|||| 00| 0 eng d</controlfield>
  <datafield tag="020" ind1=" " ind2=" ">
    <subfield code="a">978-1-4822-4758-9</subfield>
  </datafield>
  <datafield tag="040" ind1=" " ind2=" ">
    <subfield code="a">UACH</subfield>
    <subfield code="c">PA</subfield>
    <subfield code="e">rda</subfield>
  </datafield>
  <datafield tag="041" ind1=" " ind2=" ">
    <subfield code="a">eng</subfield>
    <subfield code="b">spa</subfield>
    <subfield code="f">eng</subfield>
    <subfield code="h">eng</subfield>
  </datafield>
  <datafield tag="082" ind1="0" ind2="0">
    <subfield code="a">PA 595.701 </subfield>
    <subfield code="b">.N38 2016</subfield>
  </datafield>
  <datafield tag="100" ind1=" " ind2=" ">
    <subfield code="a">Nation, James L.</subfield>
    <subfield code="e">autor</subfield>
    <subfield code="9">190859</subfield>
  </datafield>
  <datafield tag="245" ind1=" " ind2=" ">
    <subfield code="a">Insect Physiology and Biochemistry /</subfield>
    <subfield code="c">James L. Nation, Sr.</subfield>
  </datafield>
  <datafield tag="250" ind1=" " ind2=" ">
    <subfield code="a">3rd edici&#xF3;n</subfield>
  </datafield>
  <datafield tag="264" ind1=" " ind2=" ">
    <subfield code="a">New York :</subfield>
    <subfield code="b">CRC Press,</subfield>
    <subfield code="c">2016</subfield>
  </datafield>
  <datafield tag="300" ind1=" " ind2=" ">
    <subfield code="a">xxi, 644 p&#xE1;ginas :</subfield>
    <subfield code="b">ilustraciones, tablas, gr&#xE1;ficas</subfield>
  </datafield>
  <datafield tag="336" ind1=" " ind2=" ">
    <subfield code="2">rdacontent</subfield>
    <subfield code="a">texto</subfield>
    <subfield code="b">txt</subfield>
  </datafield>
  <datafield tag="337" ind1=" " ind2=" ">
    <subfield code="2">rdamedia</subfield>
    <subfield code="a">sin medio</subfield>
    <subfield code="b">n</subfield>
  </datafield>
  <datafield tag="338" ind1=" " ind2=" ">
    <subfield code="2">rdacarrier</subfield>
    <subfield code="a">volumen</subfield>
    <subfield code="b">nc</subfield>
  </datafield>
  <datafield tag="505" ind1=" " ind2=" ">
    <subfield code="a">Embryogenesis -- Digestion -- Nutrition -- Integument and molting -- Hormones and development --Biological rhythms -- Diapause -- Intermediary metabolism -- Neuroanatomy -- Neurophysiology -- Muscles -- Flight -- Sensory systems -- Vision -- Circulatory system -- Immunity -- Respiration -- Excretion -- Semiochemicals -- Reproduction -- Insect symbioses. -- Index.</subfield>
  </datafield>
  <datafield tag="520" ind1=" " ind2=" ">
    <subfield code="a">Ampliada y actualizada, esta tercera edici&#xF3;n contin&#xFA;a desafiando la sabidur&#xED;a entomol&#xF3;gica convencional con las &#xFA;ltimas investigaciones e interpretaciones anal&#xED;ticas. Resultar&#xE1; atractiva para estudiantes de grado y posgrado, as&#xED; como para cient&#xED;ficos en activo en ciencias biol&#xF3;gicas que necesiten un conocimiento s&#xF3;lido de los principios generales de la fisiolog&#xED;a de los insectos.

Si bien esta edici&#xF3;n ofrece nueva informaci&#xF3;n y actualizaciones significativas, tambi&#xE9;n conserva todas las caracter&#xED;sticas que hicieron tan populares a las ediciones anteriores, como las citas que facilitan el acceso a la literatura principal y la comprensi&#xF3;n del pensamiento, la experimentaci&#xF3;n y las t&#xE9;cnicas que han permitido la comprensi&#xF3;n actual de la fisiolog&#xED;a de los insectos. Adem&#xE1;s, presenta una redacci&#xF3;n clara con t&#xE9;rminos t&#xE9;cnicos explicados en el texto cuando aparecen. Con m&#xE1;s de 250 ilustraciones que ayudan a explicar conceptos fisiol&#xF3;gicos y detalles anat&#xF3;micos importantes, el libro sigue siendo la gu&#xED;a m&#xE1;s accesible para conceptos clave en el campo.</subfield>
  </datafield>
  <datafield tag="534" ind1=" " ind2=" ">
    <subfield code="p">T&#xED;tulo original:</subfield>
  </datafield>
  <datafield tag="650" ind1=" " ind2="7">
    <subfield code="a">Insectos</subfield>
    <subfield code="9">58888</subfield>
  </datafield>
  <datafield tag="650" ind1=" " ind2="0">
    <subfield code="a">Insectos</subfield>
    <subfield code="x"> Fisiolog&#xED;a</subfield>
    <subfield code="9">170903</subfield>
  </datafield>
  <datafield tag="942" ind1=" " ind2=" ">
    <subfield code="2">ddc</subfield>
    <subfield code="c">LIBRO</subfield>
  </datafield>
  <datafield tag="999" ind1=" " ind2=" ">
    <subfield code="c">220776</subfield>
    <subfield code="d">220776</subfield>
  </datafield>
  <datafield tag="952" ind1=" " ind2=" ">
    <subfield code="0">0</subfield>
    <subfield code="1">0</subfield>
    <subfield code="2">ddc</subfield>
    <subfield code="4">0</subfield>
    <subfield code="5">1</subfield>
    <subfield code="7">0</subfield>
    <subfield code="8">GRAL</subfield>
    <subfield code="a">PA</subfield>
    <subfield code="b">PA</subfield>
    <subfield code="d">2025-08-05</subfield>
    <subfield code="e">Compra</subfield>
    <subfield code="i">c/e 256</subfield>
    <subfield code="l">0</subfield>
    <subfield code="o">PA 595.701  N38 2016</subfield>
    <subfield code="p">4102004138</subfield>
    <subfield code="r">2025-08-05 15:48:50</subfield>
    <subfield code="t">Ej.1</subfield>
    <subfield code="w">2025-08-05</subfield>
    <subfield code="y">LIBRO</subfield>
  </datafield>
  <datafield tag="952" ind1=" " ind2=" ">
    <subfield code="0">0</subfield>
    <subfield code="1">0</subfield>
    <subfield code="2">ddc</subfield>
    <subfield code="4">0</subfield>
    <subfield code="5">3</subfield>
    <subfield code="7">0</subfield>
    <subfield code="8">GRAL</subfield>
    <subfield code="a">PA</subfield>
    <subfield code="b">PA</subfield>
    <subfield code="d">2025-08-06</subfield>
    <subfield code="e">Compra</subfield>
    <subfield code="i">c/e 255</subfield>
    <subfield code="l">0</subfield>
    <subfield code="o">PA 595.701  N38 2016</subfield>
    <subfield code="p">4102004139</subfield>
    <subfield code="r">2025-08-06 14:28:19</subfield>
    <subfield code="t">Ej.2</subfield>
    <subfield code="w">2025-08-06</subfield>
    <subfield code="y">LIBRO</subfield>
  </datafield>
</record>
